Introduction to Psychology / Eleventh Edition (Record no. 177)
[ view plain ]
| 000 -LEADER | |
|---|---|
| fixed length control field | 01436cam a22002414a 4500 |
| 005 - ΗΜΕΡΟΜΗΝΙΑ ΚΑΙ ΩΡΑ ΤΕΛΕΥΤΑΙΑΣ ΕΝΗΜΕΡΩΣΗΣ | |
| Πεδίο ελέγχου | 20250605163926.0 |
| 008 - FIXED-LENGTH DATA ELEMENTS--GENERAL INFORMATION | |
| Πεδίο ελέγχου σταθερού μήκους | 250528s ||||||||||||||||||||||||d |
| 035 ## - SYSTEM CONTROL NUMBER | |
| System control number | 14553 |
| 020 ## - ISBN | |
| ISBN | 155002872 |
| 040 ## - ΠΗΓΗ ΚΑΤΑΛΟΓΟΓΡΑΦΗΣΗΣ | |
| Φορέας πρωτότυπης καταλογογράφησης | MC Athens Campus Library |
| Γλώσσα καταλογογράφησης | Ελληνικά, Μοντέρνα (1453-) |
| Modifying agency | MC Athens Campus Library |
| Κανόνες περιγραφικής καταλογογράφησης | AACR2 |
| 245 1# - ΤΙΤΛΟΣ ΚΑΙ ΔΗΛΩΣΗ ΥΠΕΥΘΥΝΟΤΗΤΑΣ | |
| Τίτλος | Introduction to Psychology / Eleventh Edition |
| 250 ## - EDITION STATEMENT | |
| Edition statement | 11th |
| 260 ## - PUBLICATION, DISTRIBUTION, ETC. | |
| Name of publisher, distributor, etc. | Harcourt Brace College Publishers, |
| Date of publication, distribution, etc. | 1993 |
| 300 ## - PHYSICAL DESCRIPTION | |
| Extent | 910 |
| 520 ## - SUMMARY, ETC. | |
| Summary, etc. | This book seeks to convey the excitement of psychology as an intellectual human enterprise. Psychology as a Scientific and Human Endeavor, Nature of Psychology, Biological and Developmental Processes, Biological Basis of Psychology, Psychological Development, Consciousness and Perception, Sensory Processes, Perception, Consciousness and Its Altered States, Learning and Remembering and Thinking, Learning and Conditioning, Memory, Thought and Language, Motivation and Emotion, Basic Motives, Emotion, Personality and Individuality, Assessment of Mental Abilities, Personality Through the Life Course, Personality Theory and Assessment, Stress and Psychopathology and Therapy, Stress and Coping, Abnormal Psychology, Methods of Therapy, Social Behavior, Social Beliefs and Attitudes, Social Interaction and Influence. |
| 700 1# - ΠΡΟΣΘΕΤΗ ΑΝΑΓΡΑΦΗ--ΦΥΣΙΚΟ ΠΡΟΣΩΠΟ | |
| Personal name | Atkinson Richard C. |
| 9 (RLIN) | 261 |
| 700 1# - ΠΡΟΣΘΕΤΗ ΑΝΑΓΡΑΦΗ--ΦΥΣΙΚΟ ΠΡΟΣΩΠΟ | |
| Personal name | Atkinson Rita L. |
| 9 (RLIN) | 262 |
| 700 1# - ΠΡΟΣΘΕΤΗ ΑΝΑΓΡΑΦΗ--ΦΥΣΙΚΟ ΠΡΟΣΩΠΟ | |
| Personal name | Bem Daryl J. |
| 9 (RLIN) | 263 |
| 700 1# - ΠΡΟΣΘΕΤΗ ΑΝΑΓΡΑΦΗ--ΦΥΣΙΚΟ ΠΡΟΣΩΠΟ | |
| Personal name | Smith Edward E |
| 9 (RLIN) | 264 |
| 942 ## - ADDED ENTRY ELEMENTS (KOHA) | |
| Koha item type | Books |
| Τύπος τεκμηρίου | Βιβλιοθήκη | Τρέχουσα τοποθεσία | Barcode | Αριθμός εισαγωγής | Ημερομηνία απόκτησης | Ταξιθετικό σύμβολο | Αριθμός αντιτύπου | Κατάσταση απόσυρσης | Κατάσταση χαμένου | Κατάσταση κατεστραμμένου | Μη δανεισμός | Σύνολο δανεισμών | Ημερομηνία τελευταίας εμφάνισης | Η τιμή ισχύει από |
|---|---|---|---|---|---|---|---|---|---|---|---|---|---|---|
| Books | MC Athens Campus Library | MC Athens Campus Library | 9780000001764 | 200 | 05/06/2025 | 150 ATK | 1 | 05/06/2025 | 05/06/2025 |